Vainqueurs d'un Rallye WRC depuis 1977 - Statistiques

Statistiques générales
  • Ce quiz a été pris 47 fois
  • Le résultat moyen est 27 sur 76
Statistiques - réponses
Nbr victoires Spéciales Pays Pilotes % Correct
80 939 France Sébastien Loeb
100%
66 789 France Sébastien Ogier
100%
26 757 Espagne Carlos Sainz
92%
25 460 Royaume-Uni Colin McRae
85%
21 428 Belgique Thierry Neuville
85%
22 432 Estonie Ott Tänak
82%
30 542 Finlande Marcus Grönholm
77%
1 9 Suède Oliver Solberg
74%
13 460 Norvège Petter Solberg
74%
20 554 France Didier Auriol
72%
1 76 Finlande Harri Rovanperä
69%
23 700 Finlande Juha Kankkunen
69%
17 260 Finlande Kalle Rovanperä
69%
10 590 Finlande Ari Vatanen
67%
4 162 France Michèle Mouton
64%
10 77 Royaume-Uni Richard Burns
64%
24 361 Finlande Tommi Mäkinen
64%
18 539 Finlande Jari-Matti Latvala
62%
11 195 Royaume-Uni Elfyn Evans
56%
15 260 Finlande Mikko Hirvonen
56%
11 486 Suède Stig Blomqvist
56%
14 420 Allemagne Walter Röhrl
56%
7 91 France Gilles Panizzi
54%
17 373 Italie Miki Biasion
49%
3 229 Espagne Dani Sordo
46%
18 666 Finlande Hannu Mikkola
46%
2 77 Finlande Esapekka Lappi
44%
4 214 France François Delecour
44%
3 90 France Jean Ragnotti
41%
5 101 Estonie Markko Martin
41%
11 256 Finlande Timo Salonen
41%
16 290 Suède Björn Waldegård
36%
1 55 Belgique François Duval
36%
3 186 Finlande Henri Toivonen
33%
1 65 Norvège Mads Østberg
33%
2 27 France Philippe Bugalski
33%
3 117 Norvège Andreas Mikkelsen
31%
1 38 Nouvelle-Zélande Hayden Paddon
31%
19 801 Finlande Markku Alen
31%
5 94 Royaume-Uni Kris Meeke
28%
7 115 France Bernard Darniche
26%
2 58 France Bruno Saby
26%
5 31 France Jean-Pierre Nicolas
26%
1 0 France Alain Oreille
23%
3 52 France Jean-Claude Andruet
23%
7 91 Italie Sandro Munari
23%
1 35 France Guy Fréquelin
21%
1 72 Italie Piero Liatti
21%
1 100 Allemagne Armin Schwarz
18%
2 28 Suède Mikael Ericsson
18%
2 56 Suède Ingvar Carlsson
15%
5 61 France Jean-Luc Thérier
15%
1 25 Espagne Jesus Puras
15%
5 13 Kenya Shektar Mehta
15%
6 214 Suède Kenneth Eriksson
13%
1 23 Italie Andrea Aghini
10%
1 13 France Bernard Béguin
10%
1 4 Kenya Ian Duncan
10%
2 3 Japon Kenjiro Shinozuka
10%
1 27 Autriche Franz Wittmann
8%
2 36 Suède Mats Jonsson
8%
1 28 Italie Antonio Fassina
5%
1 15 Italie Franco Cunico
5%
1 58 Argentine Jorge Recalde
5%
1 8 Finlande Kyösti Hämäläinen
3%
1 2 France Patrick Tauziac
3%
1 2 France Alain Ambrosino
0%
1 57 Suède Anders Kulläng
0%
1 13 Espagne Antonio Zanini
0%
1 15 Italie Fulvio Bacchelli
0%
8 92 Australie George Fury
0%
1 27 Portugal Joaquim Moutinho
0%
1 147 Finlande Pentti Airikkala
0%
1 38 Royaume-Uni Russell Brookes
0%
1 17 Autriche Sepp Haider
0%
1 12 Italie Tony Carello
0%
Aucun quiz correspondant
Distribution des résultats
% des personnes avec chaque résultat
Percentile par nombre de réponses
Votre historique - résultats
Vous n’avez pas pris ce quiz